| 000 | 00472 a2200169 4500 | ||
|---|---|---|---|
| 020 | _a9781438070780 | ||
| 024 | _a9781438070780 | ||
| 082 | _a378.1662 | ||
| 090 |
_c6788 _d6788 |
||
| 100 | _aGreen,Sharon Weiner | ||
| 245 |
_aNew GRE (Graduate Record Examimation) _bBARRON'S The Leader in Test Preparation. _cSharon Weiner Green |
||
| 250 | _a19th. | ||
| 260 |
_aLahore _bJBD Press _c2011 |
||
| 300 | _a523p. | ||
| 500 | _aPaper cover | ||
| 942 |
_aNBS _cBK _k378.1662 GRE |
||
| 999 |
_c349130 _d349130 |
||